| 000 | 00792nam a22002177a 4500 | ||
|---|---|---|---|
| 008 | 150611b xxu||||| |||| 00| 0 eng d | ||
| 020 | _a9781557987914 | ||
| 041 | 0 | _aeng | |
| 080 | _a07 | ||
| 100 | _aAmerican Psychological Association | ||
| 245 | 0 | 0 | _aAmerican Psychological Association |
| 250 | _a5th ed. | ||
| 260 |
_aWashington, DC : _bAmerican Psychological Association, _cc2001. |
||
| 300 |
_axxviii, 439 p. : _bme il. ; _c27 cm. |
||
| 650 | 0 |
_aPsikologji _vDoracakë, manuale, etj _xautorësi |
|
| 650 | 0 |
_ashkencat shoqërore _vDoracakë, manuale, etj _xautorësi |
|
| 650 | 0 |
_aliteraturë psikologjike _vDoracakë, manuale, etj _xBotime |
|
| 650 | 0 |
_aLiteraturë shkenca sociale _vDoracakë, manuale, etj _xBotime |
|
| 700 | 1 | _aAmerican Psychological Association. | |
| 942 |
_2udc _cBK |
||
| 999 |
_c1036 _d1036 |
||